Most popular ice cream flavours in the world - Statistics

General Stats
  • This quiz has been taken 210 times
  • The average score is 3 of 10
Answer Stats
Rank Flavour % Correct
1 Chocolate
99%
2 Vanilla
99%
9 Caramel
36%
4 Cookie Dough
31%
7 Banana
20%
6 Neapolitan
20%
3 Mint Choc chip
10%
8 Toffee
6%
10 Dark Chocolate
4%
5 Buttered Pecan
1%
No matching quizzes found
Score Distribution
Percent of People with Each Score
Percentile by Number Answered
Your Score History
You have not taken this quiz